00569nam a2200157Ia 4500100002800000942000700028654001000035245003400045260003400079082001800113300000800131546001200139999001700151952012200168952012100290 aPappas/C.H/ Murray W.H  cBK a80386 a80386 Microprocessor handbook bMcGraw HillaCaliforniac1985 a621.3819bPAP a434 aENGLISH c26772d26772 001040708CRCaCRCEbCRCEc1510 | 30d2023-03-17g364.53l0o621.3819 PAPp2617r2023-03-17v364.53w2023-03-17yBK 001040708CRCaCRCEbCRCEd2023-03-17eglobal booksg630.42l0o4.16 PANp6706r2023-03-17v630.42w2023-03-17yBK